[Event "Berlin-ch 2011 U14 Vorrunde 2"]
[Site "Berlin"]
[Date "2010.11.06"]
[Round "1.4"]
[White "Torzinski, Nils"]
[Black "Haertel, Karl"]
[Result "1-0"]
[WhiteElo "1488"]
[BlackElo "977"]
[PlyCount "69"]
[EventDate "2010.11.06"]
[EventType "swiss"]
[EventRounds "7"]
[EventCountry "GER"]
[SourceTitle "EXT 2022"]
[Source "ChessBase"]
[SourceDate "2021.10.06"]
[SourceVersion "1"]
[SourceVersionDate "2021.10.06"]
[SourceQuality "1"]

1. e4 e5 2. Nf3 Nf6 3. Nc3 Nc6 4. Bc4 Bc5 5. d3 d6 6. h3 0-0 7. Bg5 h6 8. Bh4 Be6 9. Bb3 Nd4 10. Nxd4 Bxd4 11. 0-0 Bxc3 12. bxc3 Bxb3 13. axb3 d5 14. Bxf6 Qxf6 15. exd5 Qd6 16. Qf3 Rad8 17. c4 a6 18. Rfe1 b5 19. Qg3 Rfe8 20. Re4 f5 21. Re2 e4 22. Qxd6 Rxd6 23. Rae1 c6 24. dxe4 cxd5 25. exd5 Rxe2 26. Rxe2 a5 27. Re8+ Kh7 28. Ra8 Kg6 29. Rxa5 Kf6 30. f4 g5 31. g3 g4 32. h4 h5 33. Kf2 Rb6 34. Rxb5 Ke7 35. Rxb6 1-0